00425nam a22001337a 4500008004100000041000800041080000800049100000700057101000800064245007500072942001200147999001700159952011500176180917b xxu||||| |||| 00| 0 eng d aeng a321 a16 aPOL aDubious Conceptions The Politics Of Teenage PregnacycLuker.K 2udccBK c47862d47862 00102udc40708PËKGa002b002cPËKGd2018-09-17l0o321 LUKp002-3012947r2018-09-17w2018-09-17yBK